|
|
|
|
| LEADER |
00000nam0a2200000 4500 |
| 001 |
108310 |
| 005 |
20231031115603.0 |
| 010 |
|
|
|a 5211017870
|
| 035 |
|
|
|a (RuTPU)RU\TPU\book\116923
|
| 090 |
|
|
|a 108310
|
| 100 |
|
|
|a 20070118d1990 m y0rusy50 ca
|
| 101 |
0 |
|
|a rus
|
| 102 |
|
|
|a RU
|
| 105 |
|
|
|a a j 001zy
|
| 200 |
1 |
|
|a Радиационная экология
|e [учебное пособие]
|f А. В. Руднев
|g Московский государственный университет им. М. В. Ломоносова (МГУ)
|
| 210 |
|
|
|a Москва
|c Изд-во Московского ун-та
|d 1990
|
| 215 |
|
|
|a 88 с.
|c ил.
|
| 225 |
1 |
|
|a Химия
|
| 320 |
|
|
|a Библиогр.: с. 84-87.
|
| 610 |
1 |
|
|a радиационная экология
|
| 610 |
1 |
|
|a экология
|
| 610 |
1 |
|
|a естественные науки
|
| 610 |
1 |
|
|a Большой взрыв
|
| 610 |
1 |
|
|a излучение
|
| 610 |
1 |
|
|a вещество
|
| 610 |
1 |
|
|a звезды
|
| 610 |
1 |
|
|a радиация
|
| 610 |
1 |
|
|a человек
|
| 610 |
1 |
|
|a 20 век
|
| 610 |
1 |
|
|a биосфера
|
| 610 |
1 |
|
|a Солнечная система
|
| 610 |
1 |
|
|a Земля
|
| 610 |
1 |
|
|a химическая эволюция
|
| 610 |
1 |
|
|a гидросфера
|
| 610 |
1 |
|
|a литосфера
|
| 675 |
|
|
|a 504.05
|v 3
|
| 700 |
|
1 |
|a Руднев
|b А. В.
|g Александр Васильевич
|
| 712 |
0 |
2 |
|a Московский государственный университет им. М. В. Ломоносова (МГУ)
|2 stltpush
|3 (RuTPU)RU\TPU\col\7
|
| 801 |
|
1 |
|a RU
|b 63413507
|c 20070118
|g PSBO
|
| 801 |
|
2 |
|a RU
|b 63413507
|c 20091214
|g PSBO
|
| 900 |
|
|
|a Охрана окружающей среды от избыточной радиоактивности
|
| 942 |
|
|
|c BK
|